Souvenirs de la terreur de 1788 à 1793, (Record no. 22688)

MARC details
000 -LEADER
fixed length control field 00682cam a22002171 4500
001 - CONTROL NUMBER
control field f 01001971
003 - CONTROL NUMBER IDENTIFIER
control field DLC
005 - DATE AND TIME OF LATEST TRANSACTION
control field 20260227111241.0
008 - FIXED-LENGTH DATA ELEMENTS--GENERAL INFORMATION
fixed length control field 780510m18411842fr 000 0 fre
010 ## - LIBRARY OF CONGRESS CONTROL NUMBER
LC control number f 01001971
035 ## - SYSTEM CONTROL NUMBER
System control number (OCoLC)3882601
040 ## - CATALOGING SOURCE
Original cataloging agency DLC
Transcribing agency FTaSU
Modifying agency FTaSU
-- DLC
045 ## - TIME PERIOD OF CONTENT
Time period code v8v9
050 00 - LIBRARY OF CONGRESS CALL NUMBER
Classification number DC146
Item number .D95
100 1# - MAIN ENTRY--PERSONAL NAME
Personal name Duval, Georges,
Dates associated with a name 1772-
245 10 - TITLE STATEMENT
Title Souvenirs de la terreur de 1788 à 1793,
Statement of responsibility, etc. par M. Georges Duval, précédés d'une introduction historique par M. Charles Nodier.
260 ## - PUBLICATION, DISTRIBUTION, ETC.
Place of publication, distribution, etc. Paris,
Name of publisher, distributor, etc. Werdet,
Date of publication, distribution, etc. 1841-42.
300 ## - PHYSICAL DESCRIPTION
Extent 4 v.
Dimensions 22 cm.
651 #0 - SUBJECT ADDED ENTRY--GEOGRAPHIC NAME
Geographic name France
General subdivision History
Chronological subdivision Revolution, 1789-1799.
700 1# - ADDED ENTRY--PERSONAL NAME
Personal name Nodier, Charles,
Dates associated with a name 1780-1844.

No items available.

Powered by Koha